1186 1814 1835 1797 1394 1394 1817 1821 1706 1657 1058 1671 1472 1733 1536 1383 1699 1673 1276 1570 1588 1102 1161 1418 1574 1554 1910 1776 1028 1356 1094 1287 1935 1326 1429 1883 1862 1420 1909 1891 1914 1114 1669 1204 1398 1263 1299 1286 1510 1445 1509 1956 1312 1394 1214 1703 1729 1951 1708 1095 1715 1600 1909 1247 1498 1357 1019 1377 1688 1552 1055 1028 1073 1181 1134 1888 1636 1864 1372 1963 1803 1877 1631 1154 1024 1220 1963 1864 1228 1817 1323 1212 1191 1504 1186 1434 1786 1812 1565 BCNSPRNW ULIB Ver.6.0+V

เปลี่ยนเป็นภาษาไทย

Change to English
 แสดงรายละเอียดบรรณานุกรม
  กลับหน้าหลัก

Brief Record : Get Marc (ISO 2709) : E-mail record : QR code < ปิดหน้าต่าง
LEADER : 00000nam 2200000uu 4500
001    13399126772
003     ULIB
008    190304s2561||||th 000 0 tha d
020    ^a9786168139691
060    ^aWB310^bณ211อ
100    ^aณรงค์กร ซ้ายโพธิ์กลาง :บรรณาธิการ และคณะ
245    ^aอายุรศาสตร์ผู้สูงอายุ (GERIATRIC MEDICINE)/^cณรงค์กร ซ้ายโพธิ์กลาง :บรรณาธิการ และคณะ
250    ^aพิมพ์ครั้งที่ 1
260    ^aปทุมธานี :^bภาควิชาอายุรศาสตร์ คณะแพทยศาสตร์ มหาวิทยาลัยธรรมศาสตร์,^c2561
300    ^a456 หน้า;^b26 ซม.
650    ^aอายุรศาสตร์
650    ^aผู้สูงอายุ^xโรค
945    ^p700^l0^i27189
945    ^p700^l0^i27192
945    ^p700^l0^i27191
945    ^p700^l0^i27190
945    ^p700^l0^i27193
999    ^aกัณชพร จุลอักษร
รายการนี้ยังไม่มีแท็ก
คุณยังไม่ได้ล็อกอิน คุณสามารถมีกิจกรรมร่วมกับเว็บไซต์ได้ แต่ต้องล็อกอินก่อน ::
  ล็อกอิน

รายการสื่อสารสนเทศ

ลำดับที่ ประเภท เลขเรียก/บาร์โค้ด สถานที่ สถานะ
1. หนังสือสำรอง
หนังสือสำรอง
WB310 ณ211อ ฉ.1 
  Barcode: 27189
ห้องสมุดวิทยาเขตนครสวรรค์
►หนังสือทั่วไป:l:General Books
บนชั้น
2. วิทยาศาสตร์การแพทย์ และสุขภาพ
วิทยาศาสตร์การแพทย์ และสุขภาพ
WB310 ณ211อ ฉ.2 
  Barcode: 27190
ห้องสมุดวิทยาเขตนครสวรรค์
►หนังสือทั่วไป:l:General Books
บนชั้น
3. วิทยาศาสตร์การแพทย์ และสุขภาพ
วิทยาศาสตร์การแพทย์ และสุขภาพ
WB310 ณ211อ ฉ.3 
  Barcode: 27191
ห้องสมุดวิทยาเขตนครสวรรค์
►หนังสือทั่วไป:l:General Books
บนชั้น
4. วิทยาศาสตร์การแพทย์ และสุขภาพ
วิทยาศาสตร์การแพทย์ และสุขภาพ
WB310 ณ211อ ฉ.4 
  Barcode: 27192
ห้องสมุดวิทยาเขตนครสวรรค์
►หนังสือทั่วไป:l:General Books
บนชั้น
5. วิทยาศาสตร์การแพทย์ และสุขภาพ
วิทยาศาสตร์การแพทย์ และสุขภาพ
WB310 ณ211อ ฉ.5 
  Barcode: 27193
ห้องสมุดวิทยาเขตนครสวรรค์
►หนังสือทั่วไป:l:General Books
บนชั้น

รายการใกล้เคียง
    ผู้แต่ง [ณรงค์กร ซ้ายโพธิ์กลาง :บรรณาธิการ และคณะ]

    หัวเรื่อง [อายุรศาสตร์]

BibComment


ยังไม่เคยถูกคอมเมนท์

คอมเมนท์ทรัพยากรรายการนี้
  คอมเมนท์: อายุรศาสตร์ผู้สู..


 Copyright 2026. Bcnsprnw @Library